000 00464nam a2200157 i 4500
001 79218
003 ES-MaACL
005 20230906173929.0
007 t|
008 041020s1947 ag ||||1| spa d
100 1 _aHeredia de Vita, Pablo.
_962695
245 1 0 _aTratado de endocrinología /
_cPablo Heredia de Vita.
260 _aBuenos Aires :
_bVázquez,
_c1947 (
_fMacagno y Landa)
300 _a2 v. :
_bil. ;
_c27 cm.
852 _aES-MaACL
_jC-5222-23
_bR.25467
999 _c79218
_d79218